书目信息 |
| 题名: |
心理自测
|
|
| 作者: | 陈雪枫 , 莫雷 编著 | |
| 分册: | ||
| 出版信息: | 广州 暨南大学出版社 1996 |
|
| 页数: | 347页 | |
| 开本: | 20cm | |
| 丛书名: | 现代社会心理丛书 | |
| 单 册: | ||
| 中图分类: | B841.7 , G449.1 | |
| 科图分类: | ||
| 主题词: | 心理测验 , 教育心理学 | |
| 电子资源: | ||
| ISBN: | 7-81029-545-4 | |
| 000 | 00750nam2 2200277 450 | |
| 001 | 1535712023 | |
| 005 | 20150126095541.84 | |
| 010 | @a7-81029-545-4@dCNY16.50 | |
| 100 | @a20021005d1996 em y0chiy0110 ea | |
| 101 | 0 | @achi |
| 102 | @aCN@b440000 | |
| 105 | @ay z 000yy | |
| 200 | 1 | @a心理自测@9xin li zi ce@f陈雪枫,莫雷编著 |
| 210 | @a广州@c暨南大学出版社@d1996 | |
| 215 | @a347页@d20cm | |
| 225 | 2 | @a现代社会心理丛书 |
| 461 | 0 | @12001 @a现代社会心理丛书 |
| 510 | 1 | @aPsychological self-testing@zeng |
| 606 | 0 | @a心理测验 |
| 606 | 0 | @a教育心理学 |
| 690 | @aB841.7@v5 | |
| 690 | @aG449.1@v4 | |
| 701 | 0 | @a陈雪枫@9chen xue feng@4编著 |
| 701 | 0 | @a莫雷@9mo lei@4编著 |
| 801 | 0 | @aCN@bTSSF@c20150126 |
| 905 | @aZUCC@dG449.1@eJY1 | |
| 心理自测/陈雪枫,莫雷编著.-广州:暨南大学出版社,1996 |
| 347页;20cm.-(现代社会心理丛书) |
| ISBN 7-81029-545-4:CNY16.50 |
| ● |
| 相关链接 |
|
|
|
|
正题名:心理自测
索取号:G449.1/JY1
 
预约/预借
| 序号 | 登录号 | 条形码 | 馆藏地/架位号 | 状态 | 备注 |
| 1 | 7845142 | 278451426 | 学院路分馆/ [索取号:G449.1/JY1] | 在馆 |